| 000 | 00504nam a22001697a 4500 | ||
|---|---|---|---|
| 005 | 20251108175414.0 | ||
| 008 | 250721s2015 xx 000 0 ara d | ||
| 082 | 1 | 4 | _a926.1/يون |
| 100 | 1 | _aيونس، مها | |
| 245 | 1 | 0 | _aأطباء اكاديميون رحلة الماضي والحاضر / |
| 264 | 1 |
_aبغداد : _bدار ضفاف للطباعة والنشر، _c2015. |
|
| 300 | _a229 ص. | ||
| 650 | 1 | 7 | _aالاطباء |
| 650 | 1 | 7 | _aالتراجم |
| 942 |
_2ddc _cBK |
||
| 999 |
_c133344 _d133344 |
||